000
00284nam a22001337a 4500
008
170208b xxu||||| |||| 00| 0 eng d
020
_a
9781603595681
041
_a
eng
080
_a
61
100
_a
4
101
_a
shm
245
_a
CURRENT PROCEDURAL TERMINOLOGY
942
_2
udc
_c
BK
999
_c
4855
_d
4855